000 00488nam a2200169Ia 4500
005 20250424120227.0
008 250424s9999 xx 000 0 und d
022 _a25367234
050 _aHD 42 .C37/
245 0 _aCard international journal of social sciences and conflict management
260 _aPort harcourt, Nigeria
260 _bCasir/media publications
260 _c2018
300 _aix, 188 p. :ill. ; 28 cm.
650 _aConflict management--Periodicals.
942 _cSR
999 _c38113
_d38113